MDQL
is popping MORE tags! Check the
thread
!
Quizzes
Events
Quiz Creation
Community
Videos
Private Events
Remove Ads
Sign In
Join for FREE
Feedback
Dark Mode
Quiz Categories
Sports
Geography
Music
Movies
Television
Just For Fun
Miscellaneous
History
Literature
Language
Science
Gaming
Entertainment
Religion
Holiday
For Kids
Quiz Lab
Recent
Popular Today
Quiz Kudos Today
Editor Picks
Curator Picks
Quizzes by...
Day
Popularity
Type
Ratings
Length
Year
Community
Subscriptions
Recent Discussions
Orange Saloon
Badges
Playlists
Quests
Create
Leaderboards
Showdown
Live 5
Trivia Bingo
Activity
Puzzle Library
Sporcle Events
Private Events
Virtual Trivia
Globe League
Become a Host
Pub Owners
SporcleCon
Opinionation
Our Games
Videos
Blog
Mobile Apps
Partnerships
Remove Ads and Go Orange
Feedback
Sports
Athletes
MLB
NBA
NHL
NFL
Soccer
Sports Teams
WWE
NCAA
Football
Premier League
Basketball
Baseball
Hockey
Golf
Tennis
Cricket
Rugby
Auto Racing
Olympics
World Cup
Sports
Athletes
MLB
NBA
NHL
NFL
Soccer
Sports Teams
WWE
NCAA
Football
Premier League
Basketball
Baseball
Hockey
Golf
Tennis
Cricket
Rugby
Auto Racing
Olympics
World Cup
Random Quiz
Search Sporcle
×
Quiz Lab
Quiz Lab
Sports
NFL
Type in answers that appear in a list
Type in answers that appear in a list
Classic
Best Score? Go Orange.
NFL 1000 yd RB @ 2 1000 yd WR's (season) Stats
Can you name the players on the teams that had 2 1000 yard receivers and a thousand yard RB in the same season?
By
Moise
5m
60 Questions
1,449 Plays
1,449 Plays
1,449 Plays
Comments
Comments
Give Quiz Kudos
Give Quiz Kudos
-
- Ratings
hide this ad
Replay
Link that replays current quiz
Next Quiz
Link to next quiz in quiz playlist
You Got
0%
They Got
Avg Score
81%
Avg Friend Score
Upgrade to see
Score Distribution
Jump to the score distribution portion of the page
Score
0/60
Timer
05:00
0
Plays Today
TEAM
PLAYER
% Correct
2009 Packers
Donald Driver
98.3%
2008 Packers
Donald Driver
98.3%
2009 Steelers
Hines Ward
98.2%
2004 Packers
Donald Driver
98.1%
2001 Steelers
Hines Ward
97.9%
2006 Colts
Marvin Harrison
97.6%
2005 Colts
Marvin Harrison
97.6%
2009 Packers
Greg Jennings
97.6%
2006 Bengals
Chad Johnson
97.4%
2008 Packers
Greg Jennings
97.4%
2006 Colts
Reggie Wayne
97%
2005 Colts
Reggie Wayne
97%
2009 Packers
Ryan Grant
96.8%
2008 Packers
Ryan Grant
96.7%
2006 Bengals
Rudi Johnson
96.6%
2009 Steelers
Rashard Mendenhall
96.1%
2001 Rams
Torry Holt
95.8%
2000 Rams
Torry Holt
95.8%
2006 Rams
Torrey Holt
95.4%
2006 Rams
Isaac Bruce
94.8%
2001 Rams
Isaac Bruce
94.6%
2000 Rams
Isaac Bruce
94.6%
2005 Colts
Edgerrin James
93%
2006 Colts
Joseph Addai
92.6%
2006 Rams
Stephan Jackson
92.5%
2000 Rams
Marshall Faulk
92.5%
2001 Rams
Mashall Faulk
92.3%
2009 Steelers
Santonio Holmes
89.6%
2000 Broncos
Rod Smith
89%
2004 Broncos
Rod Smith
88.9%
TEAM
PLAYER
% Correct
2000 Vikings
Robert Smith
88.8%
2000 Jaguars
Jimmy Smith
88.3%
2007 Browns
Braylon Edwards
88.3%
2001 Saints
Willie Jackson
88%
2006 Cowboys
Terrell Owens
87.4%
2007 Browns
Kellen Winslow
87.2%
2006 Bengals
TJ Hous
87.1%
2000 Vikings
Randy Moss
87%
2007 Browns
Jamal Lewis
84.5%
2004 Packers
Ahman Green
83.9%
2000 Jaguars
Fred Taylor
83.4%
2006 Cowboys
Julius Jones
82.7%
2001 Steelers
Jerome Bettis
81.4%
2000 Vikings
Chris Carter
79.7%
2001 Saints
Joe Horn
78.3%
2002 Bills
Travis Henry
71%
2002 Bills
Eric Moulds
67.8%
2000 Broncos
Mike Anderson
66.4%
2001 Saints
Ricky Williams
66.3%
2004 Titans
Derrick Mason
64%
2006 Cowboys
Terry Glenn
59.9%
2001 Steelers
Plaxico Burress
56.2%
2000 Jaguars
Keenan McCardell
49.8%
2004 Packers
Javon Walker
48.9%
2004 Broncos
Reuben Droughns
43.4%
2002 Bills
Peerless Price
41.3%
2004 Titans
Chris Brown
35.5%
2004 Titans
Drew Bennett
31.7%
2004 Broncos
Ashley Lelie
22.6%
2000 Broncos
Ed McCaffery
17.3%
Quiz Playlist
Details
Report
Send in Message
Add To Playlist
Classic:
Type in answers that appear in a list
Quiz Source
Last Updated: Feb 16, 2017
Quiz Scoreboard
CHALLENGE
Sign Up to Join the Scoreboard
Show All
Scores
Hide
Comments
May contain spoilers
Recently Published
Street Fighter Characters
by Artimus82
Gaming
60s
9x9 Crossword: Cartoon Network
by jackfrog10
Miscellaneous
3m
College Basketball Coaching Resumes
by pancakes188
Sports
9m
More to Explore
Quiz From the Vault
Featured Blog Post
Where Did the Easter Bunny Come From?
hide this ad
You Might Also Like...
Tags
Football Quiz
NFL Quiz
1000
Player
Receiver
same
season
team
thousand
Yard
Today's Top Quizzes in Sports
Browse Sports
hide this ad
Today's Top Quizzes in NFL
Browse NFL
Top Contributed Quizzes in Sports
1
2022 World Cup Stars
2
Les meilleurs buteurs des matchs entre le PSG et l’OM
3
FIFA Club World Cup Champions
4
Les entraîneurs de l'OM et du PSG au 21e siècle
5
Criteria MLB: Left Handed Sluggers
6
2023 MLB Unique Player Accomplishments
7
AFC Teams Reveal (Wrong Answers Minefield)
8
5-to-1: FBS Animal Nicknames
9
Players with Multiple 50 Home Run Seasons
10
5-to-1: UK Sports Teams
Explore More
Trending Topics
Kpop
Crossword
Harry Potter
Anime
Marvel
NBA
Disney
Song
Pokémon
Soccer
The Office
NFL
Country
Puzzle
WWE
hide this ad
More By:
Moise
Quiz
Plays
Rating
Category
Featured
Created
Movies Bunker
2,234,646
3.69
Movies
Jun 6, 2011
NBA 30,000 Point Club
78,841
4.41
Sports
Dec 5, 2012
The 5 most valuable NBA franchises are...
25,311
1.38
Sports
Jan 25, 2013
NBA Starting 5 All - stats teams
12,472
3.91
Sports
Jan 2, 2014
10 most attacked/destroyed cities in Movie History.
9,503
2.47
Movies
Apr 11, 2011
Go to Creator's Profile
Score Distribution
Quiz Creator Spotlight
Moise
Follow
Send a Message
Quizzes Created
-
Created Quiz Play Count
-
More By This Creator
Popular Quizzes Today
1
Find the US States - No Outlines Minefield
2
Find the Countries of Europe - No Outlines Minefield
3
The Countries of the World
4
Find the US States
5
Risky Map Clicking: Biggest States A-Z
6
US States
7
Popular People in 1961
8
Movies - When Are They Set?
More Sports Quizzes
World Cup Winners by Team: Italy 2006
Quiz Lab
Trending Quizzes
Risky Map Clicking: Least Populous States A-Z
Countries of the World: 200 Million BC
1-10 Letter G Words
Risky Map Clicking: Next State Alphabetically
Adjectives in 80s TV Shows
Recently Updated
Leaping Animals
pecheneg
Reality TV Shows (A-Z)
bhenderson79
Rickey Henderson's Hall of Fame Teammates
pecheneg
Champions League XIs: Arsenal
pecheneg
Quick Pick: Celebrities in WWE's Hall of Fame
aduchscher
A-Z Keypad Blitz II
pecheneg
Multiple Oscar Actors
pecheneg
Mystery Phrase Blitz: Oscar 'Best Actors'
pecheneg
F. Scott Fitzgerald Novels
LTH
Pick 3 Villains
ddd62291
Trending Topics
NBA
Marvel
Crossword
Anime
Harry Potter
Kpop
Disney
Pokémon
NFL
The Office
Country
Soccer
Puzzle
WWE
Song
Your Account Isn't Verified!
In order to create a playlist on Sporcle, you need to verify the email address you used during registration. Go to your
Sporcle Settings
to finish the process.
Report this User
Report this user for behavior that violates our
Community Guidelines
.
Details:
Send Report
Go to the Sporcle.com Mobile Site →
Comments